00793cam a22002055a 45000010009000000050017000090080041000260100017000670200015000840400018000991000022001172450067001392600033002062630009002393000030002485000020002788560106002988560091004048560092004951577384420170105102352.0090612s2009 ohu 000 0 eng  a 2009930547 a0495668184 aDLCcDLCdDLC1 aPeter, V. O'Neil.10aElements of advanced engineering mathematicscPeter V. O'Neil. aMason, OH :bCengage,c2009. a0910 axi, 478 p.bill.;c25 cm. aIncludes index.423Contributor biographical informationuhttp://www.loc.gov/catdir/enhancements/fy1105/2009930547-b.html423Publisher descriptionuhttp://www.loc.gov/catdir/enhancements/fy1105/2009930547-d.html413Table of contents onlyuhttp://www.loc.gov/catdir/enhancements/fy1105/2009930547-t.html